| 000 | 00482nam a2200157 4500 | ||
|---|---|---|---|
| 001 | 120013 | ||
| 003 | ES-MaACL | ||
| 005 | 20230906191441.0 | ||
| 007 | t| | ||
| 008 | 070214n19001999mx r ||||1| spa d | ||
| 100 | 1 |
_aPiña, Joaquín. _992245 |
|
| 245 | 1 | 0 |
_aImpresiones de la jira [sic] política del candidato General Pascual Ortiz Rubio / _cpor Joaquín Piña. |
| 260 |
_aMéxico, D. F. : _b[s. n.], _c[19__?] |
||
| 300 |
_a88 p. ; _c23 x 16 cm. |
||
| 852 |
_aES-MaACL _j1761-F-4 |
||
| 999 |
_c120013 _d120013 |
||